000 00514nam a2200217Ia 4500
003 0100
008 130227s9999 xx 000 0 und d
040 _cARRUPELIB
050 _aJA49.N992 1987
100 _aNwabuzor, Elone J.
245 3 _aAn introduction to political science for African students
260 _aLondon
260 _bMacMillan
260 _C1987
300 _aiv
300 _b 250p. 22cm.
650 _bPsychology, Religion
650 _cTrance
650 _dSects
942 _2lcc
_08
999 _c6629
_d6629